| 000 | 00515nam a2200169 i 4500 | ||
|---|---|---|---|
| 001 | 69990 | ||
| 003 | ES-MaACL | ||
| 005 | 20230906170701.0 | ||
| 007 | t| | ||
| 008 | 040714s1942 sp ||||1| spa d | ||
| 100 | 1 |
_aGarcía Martín, Vicente. _954904 |
|
| 245 | 1 | 0 |
_aSugerencias filosófico-literarias / _cVicente Gar-Mar. (seud) de la Compañía de Jesús. |
| 250 | _a4ª ed. | ||
| 260 |
_aLa Coruña : _b[Roel, _c1942] |
||
| 300 |
_a452 p. : _bil., retr. aut. ; _c20 cm. |
||
| 852 |
_aES-MaACL _jF-16315 _bR.21410 |
||
| 999 |
_c69990 _d69990 |
||